000 00927nam a2200301Ia 4500
001 76217
003 IT-RoPAU
008 130308s9999 xx 000 0 und d
040 _aIT-RoPAU
040 _cIT-RoPAU
041 _aPORTOGHESE
100 _aTagliari Paulo Sergio
100 _gCodice Aut. SPICS: 26334
245 _aAnalise da articulacao pesquisa/extensao e da eficacia das publicacoes tecnicas em santa Catarina
245 _bEstudos de comunicacao Rural
250 _a1a ed.
260 _aSAO PAULO
260 _bEdicoes Loyola
260 _c1988 [1° Ed.:1988 - Ed.Ling.Originale:1988]
300 _a"25 p. (prefazione: no ; testo: 25 [pagine: 125-149])"
500 _aAnalisi Sull'Inchiesta e l'efficacia delle pubblicazioni Tecniche in Santa Caterina
650 _aPASTORALE E CULTURE
650 _eCodice materia Spics: 9302
942 _cBK
957 _71
999 _c64220
_d64220
999 _bSI
999 _g1